Сборник задач по дифференциальному и интегральному исчислениям с подробными решениями, предлагавшихся в Томском Технологическом Институте Императора Николая II в 1912-13 уч. году на I и II сем.

書目詳細資料
主要作者: Берштейн Г.
總結:Литограф. изд.
Текст в русской дореформенной орфографии
語言:俄语
出版: Томск, Типо-литография Сибирского Т-ва Печатного Дела, 1913
主題:
格式: 圖書
KOHA link:https://koha.lib.tpu.ru/cgi-bin/koha/opac-detail.pl?biblionumber=273797

MARC

LEADER 00000nam0a2200000 4500
001 273797
005 20231101234650.0
035 |a (RuTPU)RU\TPU\book\297007 
090 |a 273797 
100 |a 20141029d1913 m y0rusy50 ca 
101 0 |a rus 
102 |a RU 
105 |a y j 000zy 
200 1 |a Сборник задач по дифференциальному и интегральному исчислениям с подробными решениями, предлагавшихся в Томском Технологическом Институте Императора Николая II в 1912-13 уч. году на I и II сем.  |f Г. Берштейн 
210 |a Томск  |c Типо-литография Сибирского Т-ва Печатного Дела  |d 1913 
215 |a 48 с. 
300 |a Литограф. изд. 
300 |a Текст в русской дореформенной орфографии 
316 |5 63413507: 84//46  |a На титульном листе надпись: "Горной секции" 
606 1 |a Дифференциальное исчисление  |2 stltpush  |3 (RuTPU)RU\TPU\subj\9686  |9 36870 
606 1 |a Интегральное исчисление  |2 stltpush  |3 (RuTPU)RU\TPU\subj\12773  |9 39494 
610 1 |a математический анализ 
610 1 |a задачники 
610 1 |a выпускники ТТИ 
610 1 |a коллекция ТПУ 
675 |a 517.2(076)  |v 3 
675 |a 517.3(076)  |v 3 
700 1 |a Берштейн  |b Г. 
801 1 |a RU  |b 63413507  |c 20141029 
801 2 |a RU  |b 63413507  |c 20201225  |g RCR 
942 |c BK